The Satires of A. Persius Flaccus (Record no. 251374)
[ view plain ]
| 000 -LEADER | |
|---|---|
| fixed length control field | 00864cam a22002773a 4500 |
| 001 - CONTROL NUMBER | |
| control field | 22119 |
| 003 - CONTROL NUMBER IDENTIFIER | |
| control field | PGUSA |
| 005 - DATE AND TIME OF LATEST TRANSACTION | |
| control field | 20140828083454.0 |
| 008 - FIXED-LENGTH DATA ELEMENTS--GENERAL INFORMATION | |
| fixed length control field | 070722s2007||||xxu|||||s|||||000 p eng d |
| 040 ## - CATALOGING SOURCE | |
| Original cataloging agency | PGUSA |
| Language of cataloging | eng |
| 042 ## - AUTHENTICATION CODE | |
| Authentication code | dc |
| 050 #4 - LIBRARY OF CONGRESS CALL NUMBER | |
| Classification number | PA |
| 100 1# - MAIN ENTRY--PERSONAL NAME | |
| Personal name | Persius |
| 245 14 - TITLE STATEMENT | |
| Title | The Satires of A. Persius Flaccus |
| Medium | [electronic resource] / |
| Statement of responsibility, etc | Persius |
| 260 ## - PUBLICATION, DISTRIBUTION, ETC. (IMPRINT) | |
| Name of publisher, distributor, etc | Project Gutenberg, |
| Date of publication, distribution, etc | 2007 |
| 500 ## - GENERAL NOTE | |
| General note | The text of this edition of Persius is, in the main, that of Jahn's last recension (1868)--Pref. |
| 506 ## - RESTRICTIONS ON ACCESS NOTE | |
| Terms governing access | Public domain in the USA. |
| 516 ## - TYPE OF COMPUTER FILE OR DATA NOTE | |
| Type of computer file or data note | Electronic text |
| 653 ## - INDEX TERM--UNCONTROLLED | |
| Uncontrolled term | Verse satire, Latin |
| 653 ## - INDEX TERM--UNCONTROLLED | |
| Uncontrolled term | Rome -- Poetry |
| 700 1# - ADDED ENTRY--PERSONAL NAME | |
| Personal name | Gildersleeve, Basil L. |
| Fuller form of name | (Basil Lanneau), |
| Dates associated with a name | 1831-1924 |
| 700 1# - ADDED ENTRY--PERSONAL NAME | |
| Personal name | Jahn, Otto, |
| Dates associated with a name | 1813-1869 |
| 830 #0 - SERIES ADDED ENTRY--UNIFORM TITLE | |
| Uniform title | Project Gutenberg |
| Volume number/sequential designation | 22119 |
| 856 40 - ELECTRONIC LOCATION AND ACCESS | |
| Uniform Resource Identifier | <a href="http://www.gutenberg.org/ebooks/22119">http://www.gutenberg.org/ebooks/22119</a> |
| 942 ## - ADDED ENTRY ELEMENTS (KOHA) | |
| Koha item type | eBooks |
| Withdrawn status | Lost status | Damaged status | Home library | Current library | Date acquired | Total Checkouts | Date last seen | Price effective from | Koha item type |
|---|---|---|---|---|---|---|---|---|---|
| Project Gutenberg | Project Gutenberg | 08/28/2014 | 08/28/2014 | 08/28/2014 | eBooks |